Loading...
| Literature - European | 0 | 9 | 0 | 1 | 90 | 70 | 104.33 | 0 | 2 | 20.24 | 46.14 |
| Science - Chemistry | 0 | 8 | 0 | 4 | 80 | 61 | 97.13 | 0 | 5 | 11.54 | 37.05 |
| Literature - American | 0 | 7 | 0 | 1 | 70 | 72 | 111.00 | 0 | 0 | 14.50 | 26.36 |
| Science - Physics | 0 | 8 | 2 | 0 | 70 | 53 | 72.63 | 2 | 5 | 29.11 | 55.23 |
| Fine Arts - Painting and Sculpture | 0 | 7 | 2 | 3 | 60 | 64 | 106.00 | 1 | 2 | 10.84 | 29.77 |
| Fine Arts - Classical Music | 0 | 6 | 1 | 1 | 55 | 98 | 108.67 | 0 | 4 | 6.25 | 37.27 |
| Social Science | 0 | 5 | 0 | 1 | 50 | 52 | 88.40 | 1 | 2 | 9.43 | 25.23 |
| Literature - British | 0 | 6 | 2 | 1 | 50 | 84 | 116.00 | 0 | 0 | 10.93 | 22.95 |
| Fine Arts - Other | 0 | 5 | 1 | 1 | 45 | 64 | 113.00 | 1 | 2 | 6.43 | 24.32 |
| Literature - World | 0 | 5 | 1 | 0 | 45 | 70 | 111.80 | 0 | 1 | 9.83 | 19.77 |
| Philosophy | 0 | 5 | 2 | 0 | 40 | 73 | 102.60 | 0 | 1 | 7.30 | 26.36 |
| History - World | 0 | 4 | 1 | 3 | 35 | 106 | 129.25 | 0 | 0 | 1.38 | 8.18 |
| Science - Biology | 0 | 4 | 2 | 0 | 30 | 59 | 72.50 | 0 | 2 | 13.15 | 22.27 |
| Science - Other | 0 | 5 | 4 | 0 | 30 | 42 | 88.20 | 1 | 2 | 12.85 | 28.18 |
| History - European | 0 | 2 | 0 | 2 | 20 | 105 | 115.50 | 0 | 0 | 0.72 | 4.09 |
| History - American | 0 | 2 | 1 | 0 | 15 | 62 | 79.00 | 0 | 1 | 6.74 | 8.86 |
| Religion | 0 | 3 | 3 | 1 | 15 | 98 | 107.67 | 0 | 1 | 3.49 | 15.23 |
| Popular Culture | 0 | 1 | 0 | 0 | 10 | 55 | 55.00 | 0 | 1 | 29.17 | 40.00 |
| Mythology | 0 | 1 | 0 | 0 | 10 | 102 | 102.00 | 0 | 0 | 0.17 | 1.14 |
| History - Other | 0 | 2 | 2 | 0 | 10 | 108 | 111.50 | 0 | 1 | 2.20 | 8.18 |
| Other Academic | 0 | 0 | 1 | 0 | -5 | 0.00 | 0 | 0 | 0.00 | 0.00 | |
| Geography | 0 | 0 | 2 | 0 | -10 | 0.00 | 0 | 0 | 0.00 | 0.00 |